00455 a2200121 4500100003700000245006800037300004200105650001900147773005500166942000700221952008800228999001700316 aAKLORBORTU, Dotsey Koblah925187 aFallout from Shama explosion : Shake-up at minerals commission  aThursday, September 14, 2023 Pages 20 aMining 9265690 dAccra Daily Graphic 2023tDaily Graphicx0855-1529 cPR 001040718PRaPLbPLcTFEWd2023-09-27l0r2023-09-27 00:00:00t1w2023-09-27yPR c46049d46049